Slávime 160 rokov demokratickej parlamentnej tradície

Bibliographic Details
Main Author: Rolková, Natália, 1978- (Author)
Format: Article
Language:Slovak
ISSN:0231-7303
Subjects:

MARC

LEADER 00000nab a2200000 a 4500
001 vtls010257953
003 SK-MaSNL
005 20260303081710.0
008 11030231c2008 xo o e sl
015 |a SNBRB2009/04 
035 |a SVKKK000094839 
038 |a SVKKK 
040 |a SVKKK  |b slo  |c SVKKK  |e AACR2 
041 0 |a slo 
044 |a xo  |c SK 
080 |a 94  |2 1997 
100 1 |a Rolková, Natália,  |d 1978-  |4 aut  |9 198697 
245 1 0 |a Slávime 160 rokov demokratickej parlamentnej tradície  |c Natália Rolková 
650 0 7 |a revolučné roky  |y 1848-1849  |x dejiny  |2 snkbucl  |9 1085329 
773 0 |t Slovensko  |x 0231-7303  |g Roč. 30 č. 4 (2008), s. 4-5 
852 |a SVKKK  |b BIB 
999 |c 1785639  |d 1787569